000 01700cam a22004574i 4500
003 PE-LiUPU
005 20250731175626.0
008 250724b |||||||| |||| 00| 0 spa d
020 _a9515704367
035 _a(Sirsi) i9789515704368
040 _aPE-LiUPU
_bspa
_cPE-LiUPU
_erda
049 _aPRUA
082 0 4 _a492.1
_bL56
_221
245 0 0 _aLetters from priest to the kings Esarhaddon and Assurbanipal. /
_ceditores; Steven William Cole, Peter Machinist, Simo Parpola.
264 1 _aHelsinki, Finland :
_bHelsinki University Press,
_c1998.
300 _a222 páginas :
_bilustraciones, fotos, gráficos ;
_c25 centímetros
336 _atext
_2rdacontent
337 _aunmediated
_2rdamedia
338 _avolume
_2rdacarrier
490 0 _aState Archives of Assyria ;
_v13
500 _aGlosario (A-Z) : p.177-200.
504 _aIncluye bibliografía.
505 0 _aTransliterations and translations: Royal Letters. Letters from the King, Assur, Galah, Arbela, Nineveh, Babylon, Varios locations.
526 _aP145
526 _aP127
526 _aP97
526 _aP35
526 _aP14
526 _aP07
600 1 _aAssurbanipalRey de Asiria.
_dc.a: 668-627 a.C.
600 1 _aEsarhaddonRey de Asiria.
_dc.a. 668 a.C.
650 0 4 _aAcadio
_vTextos.
650 0 4 _aCartas Asirio-babilónicas.
700 _aCole, Steven W,
_eeditor.
_96109
700 _aMachinist, Peter,
_eeditor.
_96110
700 _aParpola, Simo,
_eeditor.
_96111
942 _2ddc
_cBK
949 _a492.1 L56
_wDEWEY
_c1
_i49481
_lCCODEBUL1
_mBUL
_r0
_sY
_tBOOK
_u2015-6-24
_xTEOLOGIA
_0COMPRA
_o.STAFF. Colección General
999 _c30142
_d30142
980 _81
_gALBERTO SANCHEZ Responsable de Automatización